LEADER 00680nam a2200181 i 4500 001 000000035942 003 CaOOAMICUS 005 20260409104008.0 008 001018n it u000 u ita u 040 $aSeMil$bita 245 10$a1: [A-L]. 300 $a1716 p. :$bill. 773 0 $aDevoto, Giacomo <1897-1974>$tNuovo vocabolario illustrato della lingua italiana.$dMilano : Selezione dal Reader's Digest, 1987-1988.$z88-7045-081-3$gVol.1$w()3331 850 $aSeMil 852 $aSeMil$W1$xVenegono$y1$mSL1.A IV 2/1$j269917$B2097$CSeMilBibl$Z2$F2097 $8I 961 $aOmaggio: Donazione 996 $6245$a1: [A-L]$9(OLS)http://semarc/title/5697